[Event "Ceara-ch 2019"]
[Site "Fortaleza"]
[Date "2019.11.17"]
[Round "1.2"]
[White "Parente, Renan Braz"]
[Black "Silveira, Jose Wanderley Macie"]
[Result "1-0"]
[WhiteElo "2219"]
[BlackElo "1762"]
[Annotator "TA"]
[PlyCount "67"]
[EventDate "2019.11.17"]
[EventType "tourn"]
[EventCountry "BRA"]
[SourceTitle "playchess.com"]
[Source "ChessBase"]
[SourceQuality "1"]

{[%evp 10,67,50,41,61,36,62,59,70,64,54,35,35,35,44,35,39,38,47,41,54,43,63,21,27,36,25,16,27,18,28,16,43,39,36,39,42,18,29,-6,100,68,348,201,548,536,797,795,791,786,789,789,772,765,756,754,1093,1050,932,642]} 1. d4 g6 2. e4 Bg7 3. Nf3 d6 4. Nc3 c6 5. Be3 Nf6 6. h3 Qb6 {B08: Pirc Defence: Classical System} (6... b5 7. Bd3 O-O 8. O-O b4 9. Ne2 a5 10. Ng3 Nbd7 11. Qd2 Bb7 12. c4 bxc3 13. bxc3 Ba6 14. Rab1 Qc7 15. Bxa6 Rxa6 16. Bh6 {½-½ (44) Harikrishna,P (2744)-Andreikin,D (2712) Huaian 2017}) 7. a3 a5 8. Be2 O-O {White is slightly better.} 9. O-O Nbd7 $146 ({Predecessor:} 9... Qc7 10. Qd2 Re8 11. Bh6 Bh8 12. Bc4 b5 {½-½ (60) Granados Diaz,M (1831)-Petrenko,S (2176) Baku 2016}) 10. e5 {Na4 is the strong threat.} Nd5 11. Nxd5 cxd5 12. exd6 Qxd6 13. Qd2 e6 14. Bh6 b6 15. Rfe1 Ba6 16. Bxa6 Rxa6 17. h4 Nf6 18. Ne5 Ra7 19. f3 Rc7 {Threatening ...Bxh6.} 20. c3 Rfc8 21. Bf4 Qf8 22. g4 Rb7 23. Re2 h5 24. Rg2 Kh7 (24... hxg4 $11 {remains equal.} 25. Nxg4 Nh5) 25. Rf1 $36 {[%mdl 2048] White fights for an advantage.} Ng8 $2 {[%mdl 8192]} ({Black should play} 25... b5 $14) 26. Qd3 (26. gxh5 $142 gxh5 27. Kh1) 26... f5 $2 {[#]} (26... Nf6 {is a better chance.} 27. Bg5 Kh8) 27. Nxg6 $1 $18 {[%mdl 576] Remove Defender. White is clearly winning.} Kxg6 28. gxf5+ Kh7 29. f6+ Kh8 30. fxg7+ Rxg7 31. Be5 {[%mdl 64] [#] Strongly threatening Qg6! Pin} Nf6 32. Rff2 Rxg2+ 33. Rxg2 {White wants to mate with Qg6!} Qf7 34. Rg6 {Accuracy: White = 55%, Black = 37%.} 1-0

[Event "Ceara-ch 2019"]
[Site "Fortaleza"]
[Date "2019.11.18"]
[Round "1.3"]
[White "Pereira, Silvio Cunha"]
[Black "Lima, Alan Elkinson Lopes "]
[Result "1-0"]
[WhiteElo "2201"]
[BlackElo "1928"]
[Annotator "TA"]
[PlyCount "129"]
[EventDate "2019.11.17"]
[EventType "tourn"]
[EventCountry "BRA"]
[SourceTitle "playchess.com"]
[Source "ChessBase"]
[SourceQuality "1"]

{[%evp 11,129,0,0,-16,-10,-48,-55,-62,-65,-56,-33,-52,0,0,0,0,0,0,0,0,0,0,19,-4,20,15,1,12,20,18,20,-37,90,10,95,-48,-48,-37,-49,-49,0,-48,-43,-173,85,65,64,-2,88,93,86,26,245,239,369,371,429,434,470,461,595,613,647,654,650,602,583,591,615,600,600,612,610,579,605,603,559,520,509,512,485,458,447,0,460,458,448,443,430,416,425,410,419,410,406,400,396,0,401,342,343,339,335,314,385,387,443,437,494,495,515,508,733,738,725,725,739,732,29976,29975]} 1. e4 e6 2. d4 d5 3. Nc3 Bb4 4. e5 Ne7 5. a3 Bxc3+ 6. bxc3 c5 7. Nh3 {C18: French: 3 Nc3 Bb4: Main line: 7 h4 and 7 Qg4} (7. Qg4 cxd4 8. Qxg7 Rg8 9. Qxh7 Qc7 10. Qd3 Qxe5+ 11. Ne2 dxc3 12. Qxc3 Nbc6 13. Qxe5 Nxe5 14. Ng3 f6 15. Bb2 Kf7 16. Nh5 Nd7 17. O-O-O b6 {1-0 (39) Huschenbeth,N (2620)-Naiditsch,A (2643) Khanty-Mansiysk 2019}) 7... Qc7 8. Bd2 Nbc6 9. Bd3 $146 {Black is slightly better.} ({Predecessor:} 9. Be3 Qa5 10. Qd2 Nf5 11. Rd1 Qxa3 12. Be2 O-O 13. O-O Qa5 14. Ra1 Qc7 {1-0 (36) Ivanova,S (2192)-Le Bail,C (1971) Agneaux 2006}) 9... cxd4 10. cxd4 Nxd4 11. O-O $1 Qxe5 (11... Bd7 $15) 12. Bf4 $11 Qf6 13. Bg5 Qe5 14. Bf4 Qf6 15. Bg5 Qe5 16. Re1 Qd6 17. Bf4 $132 {[%mdl 2048] White has counterplay} Qd8 18. Be5 Ndf5 19. g4 Nd6 {Strongly threatening ...f6.} 20. Bxg7 Rg8 21. Be5 (21. Bf6 $11 Ne4 22. Bxe4 dxe4 23. Qxd8+ (23. Rxe4 Qxd1+ 24. Rxd1 b5 $15) 23... Kxd8 24. Ng5 (24. Rxe4 Ke8 $11)) 21... Ng6 {[#]} (21... Ne4 $15 {stays ahead.}) 22. Bg3 ({White should try} 22. Bxg6 $1 $16 hxg6 23. Qd4) 22... Nc4 (22... Ne4 $1 $11) 23. Bxg6 ({White should play} 23. Rb1 $16) 23... hxg6 $15 ({But not} 23... Rxg6 $6 24. Nf4 $16) 24. Nf4 {aiming for Nxd5.} Kf8 25. Qd4 Bd7 26. h4 (26. Rab1 $5 {[%cal Rb1b7]} b6 27. Rbd1 $11) 26... Rc8 27. Qxa7 (27. Rad1 $15) 27... Qb6 $2 (27... b6 $19 28. Ng2 Bc6) 28. Qxb6 $16 Nxb6 29. Reb1 (29. Rab1 $14 Nc4 30. Rxb7) 29... Rc6 (29... Nc4 $11 {remains equal.}) 30. Nd3 f6 {[#]} 31. g5 ({Better is} 31. Rb5 $1 $16) 31... e5 $2 (31... Bc8 $1 $11 {and Black is okay.}) 32. gxf6 $18 Rxf6 (32... Nc4 $142 33. Rxb7 (33. Bxe5 b6 $16) 33... Bc8) 33. Bxe5 Re6 34. Bd4 Nc4 35. Rxb7 Bc6 36. Rc7 g5 37. h5 Nd2 {next ...Nf3+ is good for Black.} 38. Bc5+ Ke8 39. Rc8+ Kf7 {[#]} 40. Rxc6 $1 Nf3+ (40... Rxc6 41. Ne5+) 41. Kg2 Rxc6 42. Kxf3 g4+ 43. Kg3 {And now Ne5+ would win.} Rh6 44. Rb1 {Rb7+ is the strong threat.} Rxh5 45. Rb7+ Kf6 46. Be7+ Kf5 47. Bc5 $2 (47. Rb6 $18 {Black must now prevent Rf6+.} Rh3+ 48. Kg2) 47... Rh1 $2 {[%mdl 8192]} (47... Kf6 $1 $11 {and Black has nothing to worry.} 48. Nf4 Rh1 49. Rb6+ Kf7 50. Nxd5 Rg1+ 51. Kf4 Rc8) 48. Rf7+ Ke6 49. Re7+ Kf6 50. Re2 Rg1+ 51. Kh2 Rd1 52. Bd4+ Kf7 53. Kg3 Rg1+ 54. Kh2 Rd1 $1 55. Kg2 Ra8 56. Bc5 Rc8 {If Black can now play ...Rxd3 this consolidates a bit.} 57. Bb4 Rg8 58. Re5 Rc8 59. Rxd5 Ra1 60. c3 Ra2 61. Rd4 Rg8 62. Ne5+ Ke6 63. Nxg4 Kf5 64. Kf3 Ra1 65. Nh6+ {[%mdl 64] Double Attack. Accuracy: White = 58%, Black = 30%.} 1-0

[Event "Ceara-ch 2019"]
[Site "Fortaleza"]
[Date "2019.11.17"]
[Round "1.4"]
[White "Albuquerque Junior, Wellington S."]
[Black "Brandao, Marcius Gomes"]
[Result "1-0"]
[WhiteElo "2213"]
[BlackElo "2002"]
[Annotator "TA"]
[PlyCount "45"]
[EventDate "2019.11.17"]
[EventType "tourn"]
[EventCountry "BRA"]

{[%evp 9,45,24,24,24,24,18,16,20,24,0,7,19,25,16,30,37,37,42,40,44,53,4,77,56,170,168,168,133,311,298,294,284,358,347,502,474,687,675]} 1. d4 e6 2. c4 d5 3. Nc3 a6 4. cxd5 exd5 5. Bf4 (5. Nf3 Nf6 6. Bg5 Be6 7. e3 Nbd7 8. Bd3 c6 9. Qb3 Qb6 10. Qxb6 Nxb6 11. Bxf6 gxf6 12. Nh4 a5 13. O-O-O Bb4 {1-0 (40) So,W (2767)-Demchenko,A (2655) Khanty-Mansiysk 2019}) 5... Nf6 6. e3 {D31: Queen's Gambit Declined: Semi-Slav without ...Nf6 (+ Marshall Gambit and Noteboom) and Exchange Variation lines without ...Nf6} Bd6 7. Bxd6 Qxd6 8. Bd3 {The position is equal.} O-O 9. Qc2 Re8 10. Nge2 Bg4 11. h3 $146 {[%mdl 2048] White has some pressure.} ({Predecessor:} 11. f3 Bh5 12. Qd2 Bg6 13. O-O c5 14. Bxg6 hxg6 15. dxc5 Qxc5 16. Nd4 Nc6 17. Rac1 Nxd4 18. Qxd4 Qxd4 {½-½ (18) Jankovic,A (2564)-Predojevic,B (2642) Zadar 2011}) 11... Bh5 12. g4 Bg6 13. Bxg6 hxg6 14. O-O-O Nc6 15. Nf4 b5 (15... Nb4 $11 {remains equal.} 16. Qd2 g5) 16. Kb1 $16 g5 ({Black should play} 16... b4 $14 17. Na4 b3 18. Qxb3 (18. axb3 Nb4 $11) 18... Rab8) 17. Nd3 $18 g6 18. Rc1 Nb4 $2 (18... Ne7 $16) 19. Nxb4 Qxb4 {[#]} 20. h4 $1 {[%cal Rh4g5]} gxh4 21. g5 ({Not} 21. Rxh4 Qd6 $16) 21... Ne4 (21... Nh5 $142 22. Nxd5 {[%mdl 64] Double Attack, Discovered Attack} Qd6) 22. Nxd5 {[%mdl 64] Double Attack, Discovered Attack} Qd6 (22... Qd2 $142 23. Rxh4 Qxc2+ 24. Rxc2 Nxg5 25. Nxc7 Kg7 26. Nxa8 Rxa8) 23. Nxc7 {[%mdl 64] Double Attack. Accuracy: White = 75%, Black = 31%.} 1-0

[Event "Ceara-ch 2019"]
[Site "Fortaleza"]
[Date "2019.11.18"]
[Round "1.5"]
[White "Lima, Helio Viana Correia"]
[Black "Barreto, Paulo Robson Rodrigu"]
[Result "0-1"]
[WhiteElo "1950"]
[BlackElo "1692"]
[Annotator "NA RC"]
[PlyCount "142"]
[EventDate "2019.11.17"]
[EventType "tourn"]
[EventCountry "BRA"]
[SourceTitle "playchess.com"]
[Source "ChessBase"]
[SourceQuality "1"]
[TimeControl "5400+30"]

1. d4 {[%emt 0:00:00]} Nf6 {[%emt 0:00:43]} 2. Bf4 {[%emt 0:00:00]} c5 {[%emt 0:00:39]} 3. e3 {[%emt 0:00:09]} Qb6 {[%emt 0:00:18]} 4. Nc3 {[%emt 0:00:23]} a6 {[%emt 0:01:26]} 5. a3 {[%emt 0:02:44]} (5. Bc4 cxd4 6. exd4 e6 7. Nge2 d5 8. Bb3 Bd7 9. O-O Be7 10. Qe1 O-O 11. Rd1 Nc6 {1-0 (23) Aronian,L (2767)-Giri,A (2782) chess.com INT 2018}) 5... cxd4 {[%emt 0:04:11]} 6. exd4 {[%emt 0:00:21] A45: Trompowsky Attack} Nc6 {[%emt 0:03:44]} 7. Nf3 {[%emt 0:02:31]} d5 {[%emt 0:00:35]} 8. h3 {[%emt 0:04:30]} Bf5 {[%emt 0:03:46]} 9. Bd3 {[%emt 0:00:50]} Be4 $146 {[%emt 0:04:08]} ({Predecessor:} 9... Bxd3 10. Qxd3 e6 11. O-O {0-1 (34) Adocchio,G (2157)-Norowitz,Y (2412) Reykjavik 2018}) 10. O-O {[%emt 0:09:12]} e6 {[%emt 0:13:45]} 11. Re1 {[%emt 0:43:45]} Bxd3 {[%emt 0:07:24]} 12. Qxd3 {[%emt 0:00:24]} Be7 {[%emt 0:00:13]} 13. b4 {[%emt 0:12:58]} O-O {[%emt 0:18:44]} 14. Na4 {[%emt 0:01:59]} Qa7 {[%emt 0:00:15]} 15. Nc5 {[%emt 0:03:27]} b6 {[%emt 0:16:30]} 16. Nb3 {[%emt 0:00:54]} Rac8 {[%emt 0:01:25]} 17. Rac1 {[%emt 0:02:18]} Rfd8 {[%emt 0:02:28]} 18. c4 {[%emt 0:02:07]} dxc4 {[%emt 0:01:53]} 19. Rxc4 {[%emt 0:00:24]} Nd5 {[%emt 0:06:14]} 20. Bh2 {[%emt 0:00:50]} b5 {[%emt 0:01:58]} 21. Rcc1 {[%emt 0:00:11]} Nb6 {[%emt 0:02:00]} 22. Qe4 {[%emt 0:03:57]} Nc4 {[%emt 0:02:15]} 23. Red1 {[%emt 0:00:29]} (23. Nc5 $11) 23... Rd5 {[%emt 0:01:17]} 24. Ra1 {[%emt 0:00:54]} ({White should try} 24. Nc5 $1 $15 Kh8 25. Na4) 24... Rcd8 {[%emt 0:00:47]} 25. Rdc1 {[%emt 0:01:24]} Bf6 {[%emt 0:01:25]} 26. Qg4 {[%emt 0:05:23]} (26. Bf4 $17) 26... Nxd4 {[%emt 0:01:19]} 27. Nfxd4 {[%emt 0:00:09]} Bxd4 {[%emt 0:00:07]} 28. Nxd4 {[%emt 0:00:25]} Qxd4 {[%emt 0:00:17]} 29. Qxd4 {[%emt 0:00:17]} Rxd4 {[%emt 0:00:08]} 30. Bc7 {[%emt 0:00:45]} R8d7 {[%emt 0:00:20]} 31. Bg3 {[%emt 0:00:18]} f6 {[%emt 0:01:34]} 32. Kh2 {[%emt 0:00:21]} Kf7 {[%emt 0:00:20]} 33. a4 {[%emt 0:00:14]} f5 {[%emt 0:01:50]} 34. f3 {[%emt 0:00:38]} Rd2 {[%emt 0:00:16]} 35. axb5 {[%emt 0:00:23]} axb5 {[%emt 0:00:07]} 36. Be1 {[%emt 0:01:20]} Rb2 {[%emt 0:00:37]} 37. Rd1 {[%emt 0:00:37]} Rxd1 {[%emt 0:01:27]} 38. Rxd1 {[%emt 0:00:02]} Ne3 {[%emt 0:00:13]} 39. Rd7+ {[%emt 0:00:25]} Kg6 {[%emt 0:01:16]} 40. Rxg7+ {[%emt 0:00:12]} Kxg7 {[%emt 0:00:06]} 41. Bc3+ {[%emt 0:00:02]} Kf7 {[%emt 0:00:10]} 42. Bxb2 {[%emt 0:00:17]} Nd5 {[%emt 0:00:08]} 43. Ba3 {[%emt 0:00:14]} e5 {[%emt 0:00:27]} ({Black should play} 43... f4 $17 44. Kg1 Kf6) 44. Kg1 $2 {[%emt 0:00:26]} (44. g4 $17) 44... Ne3 {[%emt 0:00:29]} ({Black should try} 44... f4 $19 45. Kf2 Ke6) 45. Bb2 {[%emt 0:00:36]} (45. Bc1 $1 $15 Nc2 46. Bd2) 45... Ke6 {[%emt 0:00:06]} 46. Bc1 $2 {[%emt 0:00:36] [#]} (46. g3 $17 {keeps fighting.}) 46... Nd5 $2 {[%emt 0:02:06]} ({Black should try} 46... Nc2 $1 $19 47. Kf2 Nxb4) 47. Bd2 $1 {[%emt 0:00:11]} Ne7 {[%emt 0:00:14]} 48. Kf2 {[%emt 0:00:11] [#]} Kd5 $1 {[%emt 0:00:07]} 49. g4 $1 {[%emt 0:01:42]} f4 {[%emt 0:00:24]} 50. h4 {[%emt 0:00:32]} Kc4 {[%emt 0:01:31]} 51. Ke2 {[%emt 0:00:14] [#]} (51. h5 $11 {remains equal.}) 51... Nd5 $11 {[%emt 0:00:29]} ({Black should try} 51... Nc6 $1 $19 52. g5 Nd4+ 53. Kf2 Ne6) 52. g5 {[%emt 0:00:16]} Ne7 {[%emt 0:00:24]} 53. Be1 {[%emt 0:00:50]} Nf5 {[%emt 0:00:10]} 54. h5 {[%emt 0:00:53]} Ne7 {[%emt 0:01:11]} 55. Bd2 {[%emt 0:00:49]} Nf5 {[%emt 0:00:44]} 56. Be1 {[%emt 0:01:10]} h6 {[%emt 0:00:12]} 57. g6 {[%emt 0:00:16]} Ng7 {[%emt 0:00:01]} 58. Bh4 {[%emt 0:00:22]} Nxh5 {[%emt 0:00:12]} 59. Be7 {[%emt 0:00:21]} Kd5 {[%emt 0:01:38]} 60. Bf8 {[%emt 0:00:49]} Ke6 {[%emt 0:00:06]} 61. Bxh6 {[%emt 0:00:19]} Kf6 {[%emt 0:00:07]} 62. Bf8 {[%emt 0:00:55]} Kxg6 {[%emt 0:00:08]} 63. Kd3 {[%emt 0:00:22]} Kf5 {[%emt 0:00:02]} 64. Bd6 {[%emt 0:00:18]} Ng7 {[%emt 0:00:14]} 65. Bc5 {[%emt 0:00:26]} Ne6 {[%emt 0:00:02]} 66. Ba7 {[%emt 0:00:07]} Ng5 {[%emt 0:00:37]} 67. Ke2 {[%emt 0:00:11]} Ke6 {[%emt 0:00:23]} 68. Bc5 {[%emt 0:00:37]} Kd5 {[%emt 0:00:07]} 69. Be7 {[%emt 0:00:11]} Ne6 {[%emt 0:00:06]} 70. Bf6 {[%emt 0:00:35]} Nd4+ {[%emt 0:00:08]} 71. Kf2 {[%emt 0:00:02]} Nc6 {[%emt 0:00:09]} 0-1

[Event "Ceara-ch 2019"]
[Site "Fortaleza"]
[Date "2019.11.19"]
[Round "2.1"]
[White "Da Justa, Saulo Freitas"]
[Black "Barreto, Paulo Robson Rodrigu"]
[Result "1/2-1/2"]
[WhiteElo "1911"]
[BlackElo "1692"]
[Annotator "NA RC"]
[PlyCount "105"]
[EventDate "2019.11.17"]
[EventType "tourn"]
[EventCountry "BRA"]
[SourceTitle "playchess.com"]
[Source "ChessBase"]
[SourceQuality "1"]
[TimeControl "5400+30"]

{[%evp 8,104,41,28,39,24,35,0,0,2,-8,-2,-18,-18,32767,32767,-33,-41,-56,32767,32767,-47,-47,-43,-67,-149,-56,32767,-120,-127,-137,-184,-184,-176,-110,-212,-245,-243,-233,32767,-315,-340,-255,-302,-200,-176,-113,-112,-94,-107,-101,-119,-114,-182,-189,-227,-185,-197,-136,-202,-113,32767,-149,-155,-175,-146,-114,-111,-106,-114,-118,-118,-51,-98,-97,-112,-117,-87,-103,-154,-119,-133,-3,-5,0,-4,-4,0,0,0,0,0,0,0,0,-45,0,0,0]} 1. Nf3 {[%emt 0:00:04]} Nf6 {[%emt 0:00:50]} 2. c4 {[%emt 0:00:51]} g6 {[%emt 0:00:29]} 3. Nc3 {[%emt 0:00:21]} d5 {[%emt 0:00:51]} 4. cxd5 {[%emt 0:02:37]} Nxd5 {[%emt 0:00:12]} 5. e4 {[%emt 0:04:00]} Nxc3 {[%emt 0:01:11]} 6. bxc3 {[%emt 0:00:15]} Bg7 {[%emt 0:00:39]} 7. Bc4 {[%emt 0:02:03]} O-O {[%emt 0:01:02]} 8. O-O {[%emt 0:03:35]} c5 {[%emt 0:07:58]} 9. h3 {[%emt 0:04:47]} Nc6 {[%emt 0:02:59]} 10. Bd5 {[%emt 0:22:32]} Qc7 {[%emt 0:05:32]} 11. Ba3 {[%emt 0:05:27]} e6 {[%emt 0:10:08]} 12. Bc4 {[%emt 0:06:15]} b6 {[%emt 0:00:48]} 13. Rc1 {[%emt 0:03:41]} Bb7 {[%emt 0:07:00]} 14. Qe2 {[%emt 0:03:59]} Rfd8 {[%emt 0:13:06]} 15. Rfd1 {[%emt 0:08:04]} Ne5 {[%emt 0:08:54]} 16. Bb2 {[%emt 0:08:45]} (16. Nxe5 $15 Qxe5 17. d3) 16... a6 {[%emt 0:05:04]} (16... Nxc4 $17 17. Qxc4 Qd7) 17. a4 {[%emt 0:05:20]} Bc6 {[%emt 0:00:36]} 18. Nxe5 {[%emt 0:00:56]} Qxe5 {[%emt 0:00:14]} ({Much less strong is} 18... Bxe5 19. d4 $17) 19. Bxa6 {[%emt 0:02:29]} Bxa4 {[%emt 0:12:45]} ({But not} 19... Bxe4 20. Bb5 $15) 20. Re1 {[%emt 0:03:46]} Qd6 {[%emt 0:00:18]} (20... Qb8 $19 21. Bd3 Qd6) 21. Ba1 {[%emt 0:04:38]} (21. d4 $17 {was called for.}) 21... Qxd2 {[%emt 0:01:24]} 22. Qf1 {[%emt 0:00:47]} Qd6 {[%emt 0:10:44]} 23. Be2 {[%emt 0:00:07]} Bh6 {[%emt 0:00:39]} 24. e5 {[%emt 0:06:41]} Qc7 {[%emt 0:00:53]} ({Weaker is} 24... Qxe5 25. Bf3 $19) 25. f4 {[%emt 0:00:00] [#]} Rd2 {[%emt 0:01:03]} (25... c4 $1 $19 {[%mdl 512]} 26. Bxc4 Bc6) 26. c4 {[%emt 0:00:00]} Rad8 {[%emt 0:00:34]} 27. Bc3 {[%emt 0:00:00]} R2d7 {[%emt 0:00:34]} 28. Qf3 {[%emt 0:00:00]} Bc6 {[%emt 0:02:08]} 29. Qf2 {[%emt 0:00:00]} Be4 {[%emt 0:00:26]} 30. g4 {[%emt 0:00:23]} (30. Bd1 $17) 30... Bd3 {[%emt 0:00:57]} 31. g5 {[%emt 0:00:05]} Bg7 {[%emt 0:00:04]} 32. Red1 {[%emt 0:00:36]} (32. Qf3 $17 {is a better defense.}) 32... Qc6 {[%emt 0:02:15]} 33. Qe3 {[%emt 0:00:29]} Be4 {[%emt 0:01:52]} 34. Kf2 {[%emt 0:00:30]} Rxd1 {[%emt 0:01:03]} 35. Rxd1 {[%emt 0:00:02]} Rxd1 {[%emt 0:00:10]} 36. Bxd1 {[%emt 0:00:16]} Bf5 {[%emt 0:00:19]} 37. Bf3 {[%emt 0:00:56]} Qa4 {[%emt 0:00:16]} 38. Be2 {[%emt 0:00:44]} Qc2 {[%emt 0:00:56]} 39. h4 {[%emt 0:01:28]} Bg4 {[%emt 0:00:34]} ({Black should play} 39... h5 $17 40. Bd2 Qb1) 40. Bd2 {[%emt 0:00:30]} Bxe2 {[%emt 0:00:16]} 41. Qxe2 {[%emt 0:00:21]} Qb3 {[%emt 0:00:20]} 42. Be3 {[%emt 0:00:08]} Bf8 {[%emt 0:00:54]} 43. Qf1 {[%emt 0:00:56]} Qb2+ {[%emt 0:00:47]} 44. Qe2 {[%emt 0:00:32]} Qxe2+ {[%emt 0:00:05]} (44... Qb1 $17 45. h5 gxh5 46. Qxh5 b5 47. cxb5 Qxb5) 45. Kxe2 {[%emt 0:00:12]} Be7 {[%emt 0:00:13]} 46. Kd3 {[%emt 0:00:05]} Kf8 {[%emt 0:00:07]} 47. Kc3 {[%emt 0:00:13]} Ke8 {[%emt 0:00:04]} 48. Kb3 {[%emt 0:00:05]} Kd7 {[%emt 0:00:09]} 49. Ka4 {[%emt 0:00:03]} Kc6 {[%emt 0:00:29]} 50. Bf2 {[%emt 0:02:45]} Bd8 {[%emt 0:00:13]} 51. Be3 {[%emt 0:00:32]} Bc7 {[%emt 0:02:32]} 52. Bf2 {[%emt 0:00:05]} Bd8 $11 {[%emt 0:01:16]} 53. Be3 {[%emt 0:02:34]} 1/2-1/2

[Event "Ceara-ch 2019"]
[Site "Fortaleza"]
[Date "2019.11.19"]
[Round "2.2"]
[White "Brandao, Marcius Gomes"]
[Black "Lima, Helio Viana Correia"]
[Result "1/2-1/2"]
[WhiteElo "2002"]
[BlackElo "1950"]
[Annotator "NA RC"]
[PlyCount "41"]
[EventDate "2019.11.17"]
[EventType "tourn"]
[EventCountry "BRA"]
[SourceTitle "playchess.com"]
[Source "ChessBase"]
[SourceQuality "1"]
[TimeControl "5400+30"]

{[%evp 8,41,24,15,25,15,43,17,14,18,40,25,89,0,4,0,0,0,14,11,70,32767,32767,15,23,32767,32767,-193,-83,-89,-32,-106,-31,-40,-41,-30]} 1. c4 {[%emt 0:00:00]} e6 {[%emt 0:00:00]} 2. e4 {[%emt 0:00:39]} d5 {[%emt 0:00:00]} 3. exd5 {[%emt 0:00:08]} exd5 {[%emt 0:00:08]} 4. d4 {[%emt 0:00:03]} c6 {[%emt 0:03:19]} 5. Nf3 {[%emt 0:00:46]} Bd6 {[%emt 0:01:54]} 6. Nc3 {[%emt 0:01:06]} Ne7 {[%emt 0:00:21]} 7. Bd3 {[%emt 0:03:45]} h6 {[%emt 0:01:21]} 8. O-O {[%emt 0:00:04] C01: French: Exchange Variation} Be6 {[%emt 0:05:48]} 9. cxd5 {[%emt 0:05:24]} Bxd5 $146 {[%emt 0:06:38]} (9... cxd5 $11 10. Nb5 Nbc6) ({Predecessor:} 9... Nxd5 10. Nxd5 cxd5 11. Re1 O-O 12. Ng5 Nc6 13. Nxe6 fxe6 14. Qg4 Rf6 15. Bd2 Qe8 {1-0 (24) Fishbein,A (2515)-Sevillano,E (2470) Chicago 1996}) 10. Ne4 {[%emt 0:05:30]} (10. Nh4 $16) 10... Bxe4 {[%emt 0:00:45]} 11. Bxe4 {[%emt 0:00:03]} Nd7 {[%emt 0:01:10]} 12. Re1 {[%emt 0:04:47]} Nf6 {[%emt 0:00:56]} 13. Bc2 {[%emt 0:01:49]} Qc7 {[%emt 0:11:06]} (13... O-O $11) 14. Ne5 {[%emt 0:05:43]} O-O {[%emt 0:04:19]} 15. Qf3 {[%emt 0:10:51]} Ned5 {[%emt 0:01:50]} 16. g4 {[%emt 0:08:16]} Rfe8 {[%emt 0:15:39]} 17. Qg3 {[%emt 0:20:23]} (17. Bf4 $17) 17... Nd7 {[%emt 0:05:23]} (17... c5 $19 {and Black stays clearly on top.} 18. f4 cxd4) 18. f4 {[%emt 0:03:47] [#]} Nf8 {[%emt 0:19:22]} (18... f6 $1 $17 {[%cal Rf6e5]} 19. Nd3 Qb6) 19. Bd2 {[%emt 0:05:35]} Re7 {[%emt 0:01:13]} (19... f6 $17 20. Nd3 Ne6) 20. Bb3 {[%emt 0:03:02]} Rae8 {[%emt 0:04:59]} 21. Qf2 $11 {[%emt 0:18:49]} 1/2-1/2

[Event "Ceara-ch 2019"]
[Site "Fortaleza"]
[Date "2019.11.19"]
[Round "2.3"]
[White "Lima, Alan Elkinson Lopes "]
[Black "Albuquerque Junior, Wellington S."]
[Result "0-1"]
[WhiteElo "1928"]
[BlackElo "2213"]
[Annotator "TA"]
[PlyCount "90"]
[EventDate "2019.11.17"]
[EventType "tourn"]
[EventCountry "BRA"]
[SourceTitle "playchess.com"]
[Source "ChessBase"]
[SourceQuality "1"]

{[%evp 16,90,40,-11,0,-27,0,0,9,-8,3,-8,-7,-7,-4,-8,-14,-25,-12,-62,-75,-123,-117,-154,-149,-147,-147,-154,-148,-165,-111,-158,-162,-162,-156,-156,-156,-156,-156,-194,-148,-155,-148,-148,-149,-287,-287,-287,-287,-287,-283,-287,-284,-265,-266,-478,-478,-568,-464,-772,-797,-1205,-1129,-12823,-1282,-12823,-12827,-12830,-12826,-12829,-12828,-12829,-12831,-12835,-12835,-12851,-29965]} 1. Nf3 c5 2. g3 Nc6 3. d4 cxd4 4. Nxd4 Nf6 5. Bg2 g6 6. c4 Bg7 7. Nc3 O-O 8. O-O d6 9. Nb3 (9. Nxc6 $14 bxc6 10. Bxc6) 9... Be6 {E60: King's Indian: Unusual lines and Fianchetto Variation without Nc3} 10. Nd5 (10. c5 d5 11. Bg5 Rc8 12. Bxf6 Bxf6 13. Nxd5 Bxb2 14. Rb1 Bg7 15. e4 Bd7 16. Re1 e6 17. Ne3 Qc7 18. Nc4 Rb8 19. e5 b5 20. cxb6 axb6 21. Rc1 Qa7 22. Nd4 Nxd4 23. Qxd4 {½-½ (23) Nikolic,P (2620)-Rodshtein,M (2664) Germany 2013}) 10... Rc8 11. Bg5 Ne5 {The position is equal.} 12. Bxf6 exf6 13. Nd2 Nxc4 14. Nxc4 Rxc4 15. Qb3 Rc5 $146 {[%mdl 2048] Black is pushing.} ({Predecessor:} 15... Rc7 16. Qa4 Rc5 17. Nc3 {0-1 (48) Tatarko,J (2275)-Bazant,P (2330) Czechia 1997}) 16. Qxb7 Qb8 17. Qxb8 (17. Ne7+ {seems wilder.} Kh8 18. Qxb8 Rxb8 19. b3 Re8 20. Nc6) 17... Rxb8 18. Nc3 f5 ({Of course not} 18... Rxb2 $6 19. Na4 $11) 19. Rab1 Bxc3 20. bxc3 Rxb1 21. Rxb1 Rxc3 $17 {[%mdl 4096] Endgame KRB-KRB} 22. a4 Ra3 ({Black should play} 22... Rc4 $19 23. a5 Ra4) 23. Bc6 Bb3 24. Rc1 Bxa4 25. Bxa4 Rxa4 $19 {KR-KR} 26. Rc6 d5 27. e3 d4 28. exd4 Rxd4 29. Ra6 Rd7 30. h4 (30. Kg2 $17) 30... h5 31. Kg2 Kf8 32. Kf3 Ke8 33. Kf4 Kd8 34. f3 Kc8 35. Kg5 $2 {[#]} (35. Ra1) 35... Kb7 {Black is clearly winning.} 36. Ra3 a6 37. g4 (37. Kf4 $142 Kb6 38. Rb3+ Kc5 39. Ra3) 37... fxg4 38. fxg4 hxg4 39. Kxg4 Kb6 40. Rb3+ Kc5 41. Ra3 Kb5 42. Rb3+ Kc4 43. Ra3 Ra7 44. h5 gxh5+ 45. Kxh5 a5 {Accuracy: White = 35%, Black = 74%.} 0-1